[Event "20th EUR-ch"]
[Site "Skopje MKD"]
[Date "2019.03.20"]
[Round "3"]
[White "Gerguri, Arsim"]
[Black "Tomerlin, Sinisa"]
[Result "0-1"]
[WhiteElo "1956"]
[BlackElo "2192"]
[EventDate "2019.03.18"]
[Board "171"]
[PlyCount "92"]

1.d4 d6 2.e4 g6 3.c4 Bg7 4.Nc3 Nc6 5.Be3 e5 6.d5 Nce7 7.Qd2 f5 8.f3 Nf6 9.
Bh6 O-O 10.Bd3 Bxh6 11.Qxh6 fxe4 12.Nxe4 Nf5 13.Qg5 c6 14.dxc6 bxc6 15.
O-O-O Nxe4 16.Qxd8 Rxd8 17.fxe4 Ne3 18.Rd2 Be6 19.b3 a5 20.Re2 Ng4 21.h3 
Nf6 22.a4 Rab8 23.Bc2 Nh5 24.Re3 Rf8 25.Nf3 Nf4 26.g4 c5 27.Nd2 Bd7 28.Nb1
Ne6 29.Nc3 Nd4 30.Ne2 Rf2 31.Re1 Rbf8 32.Bd1 Bc6 33.h4 Rh2 34.h5 Rff2 35.
hxg6 hxg6 36.Nxd4 cxd4 37.R3e2 Kg7 38.Kd2 Bxe4 39.Rxf2 Rxf2+ 40.Re2 Rxe2+ 
41.Kxe2 Kf6 42.Kf2 Bc6 43.Kg3 Kg5 44.Bc2 e4 45.Bd1 d3 46.Kf2 Kf4 0-1

[Event "20th EUR-ch"]
[Site "Skopje MKD"]
[Date "2019.03.20"]
[Round "3"]
[White "Martinkus, Rolandas"]
[Black "Bajrami, Zejno"]
[Result "1-0"]
[WhiteElo "2185"]
[BlackElo "1938"]
[EventDate "2019.03.18"]
[Board "172"]
[PlyCount "24"]

1.Nf3 d5 2.g3 c5 3.Bg2 Nc6 4.O-O e5 5.d3 Nf6 6.Nbd2 h6 7.e4 d4 8.Nc4 Bd6 
9.Nh4 g6 10.f4 Be6 11.Nxd6+ Qxd6 12.fxe5 Qxe5 1-0

[Event "20th EUR-ch"]
[Site "Skopje MKD"]
[Date "2019.03.20"]
[Round "3"]
[White "Huttl, Sofie"]
[Black "Ivic, Mateo"]
[Result "1/2-1/2"]
[WhiteElo "1741"]
[BlackElo "2183"]
[EventDate "2019.03.18"]
[Board "173"]
[PlyCount "75"]

1.e4 e5 2.Nf3 Nc6 3.Bc4 Nf6 4.d3 Bc5 5.c3 d6 6.Bb3 Bb6 7.Nbd2 Ne7 8.h3 c6 
9.Nf1 Ng6 10.Ng3 O-O 11.O-O Be6 12.Bc2 d5 13.Re1 dxe4 14.dxe4 Qxd1 15.Rxd1
h6 16.Be3 Rfd8 17.Nf5 Kf8 18.a3 Ne8 19.Rxd8 Rxd8 20.Bxb6 axb6 21.Rd1 Rxd1+
22.Bxd1 f6 23.Ne3 Nd6 24.Nd2 Nf4 25.Bc2 Ke7 26.f3 b5 27.Kf1 g6 28.a4 bxa4 
29.Bxa4 b5 30.Bc2 Nc4 31.Nexc4 Bxc4+ 32.Nxc4 bxc4 33.b3 cxb3 34.Bxb3 Kd6 
35.h4 g5 36.g3 Nd3 37.h5 Kc5 38.Bf7 1/2-1/2

[Event "20th EUR-ch"]
[Site "Skopje MKD"]
[Date "2019.03.20"]
[Round "3"]
[White "Veleski, Robert"]
[Black "Markovski, Velo"]
[Result "1-0"]
[WhiteElo "2177"]
[BlackElo "1935"]
[EventDate "2019.03.18"]
[Board "174"]
[PlyCount "112"]

1.c4 e6 2.Nc3 b6 3.Nf3 Bb7 4.g3 f5 5.Bg2 Bb4 6.a3 Bxc3 7.bxc3 Nf6 8.O-O 
O-O 9.d3 Qe8 10.a4 a5 11.Qb3 d6 12.Nd4 Bxg2 13.Kxg2 Nbd7 14.Qb5 Qf7 15.Bg5
Rae8 16.Bxf6 Nxf6 17.Qc6 Ng4 18.Nf3 Re7 19.Rab1 Qh5 20.h3 Nf6 21.Rb5 e5 
22.e3 g5 23.h4 gxh4 24.Rh1 Rg7 25.Rxh4 Qg6 26.Rh3 f4 27.exf4 Nh5 28.Ng5 h6
29.Qd5+ Kh8 30.Rxh5 Qxh5 31.Ne6 Rgf7 32.Nxf8 Rxf8 33.Qe6 Kg7 34.d4 Qe2 35.
dxe5 Qe4+ 36.Kh2 Qe2 37.Qh3 Qxf2+ 38.Qg2 Qe3 39.exd6 cxd6 40.Rb2 Rf7 41.
Qd2 Re7 42.Qxd6 Qe1 43.Qd2 Qf1 44.Qd4+ Kf7 45.Rf2 Qb1 46.f5 Re1 47.Qd5+ 
Kf6 48.Qc6+ Kf7 49.Qg6+ Kf8 50.Qxh6+ Kf7 51.Qg6+ Kf8 52.Qd6+ Kf7 53.Qc7+ 
Kf6 54.Qc6+ Kf7 55.c5 b5 56.axb5 a4 1-0

[Event "20th EUR-ch"]
[Site "Skopje MKD"]
[Date "2019.03.20"]
[Round "3"]
[White "Lahav, Michal"]
[Black "Hart, Alexander"]
[Result "1-0"]
[WhiteElo "2158"]
[BlackElo "1885"]
[EventDate "2019.03.18"]
[Board "175"]
[PlyCount "45"]

1.e4 c6 2.d4 d5 3.e5 Bf5 4.Ne2 e6 5.Ng3 Bg6 6.h4 h5 7.c4 c5 8.Nc3 cxd4 9.
Nb5 Nc6 10.cxd5 Bb4+ 11.Bd2 Bxd2+ 12.Qxd2 exd5 13.f4 Be4 14.Nd6+ Kf8 15.
Ndxe4 dxe4 16.Nxe4 Nh6 17.Nd6 Qe7 18.O-O-O Rd8 19.Bb5 Nxe5 20.fxe5 Qxe5 
21.Qxd4 Qe6 22.Bc4 Qg6 23.Rhf1 1-0

[Event "20th EUR-ch"]
[Site "Skopje MKD"]
[Date "2019.03.20"]
[Round "3"]
[White "Risteski, Emil"]
[Black "Batkoski, Nenad"]
[Result "0-1"]
[WhiteElo "2132"]
[BlackElo "1846"]
[EventDate "2019.03.18"]
[Board "176"]
[PlyCount "98"]

1.e4 e5 2.Nf3 Nc6 3.Bc4 Bc5 4.d3 d6 5.a4 Bg4 6.c3 a6 7.Nbd2 Qf6 8.h3 Bd7 
9.Nf1 h6 10.b4 Bb6 11.a5 Ba7 12.Be3 Nge7 13.Bxa7 Rxa7 14.Ne3 Qg6 15.Qe2 
Ra8 16.Bb3 O-O 17.g4 Be6 18.Bc2 d5 19.Nf5 Qf6 20.h4 Bxf5 21.gxf5 Rfe8 22.
Nh2 Qd6 23.Ng4 f6 24.Rg1 Kh7 25.Ne3 d4 26.Nc4 Qd7 27.Qd2 dxc3 28.Qxc3 Nd4 
29.Rg3 Nec6 30.Ba4 Qe7 31.Rb1 Red8 32.Kf1 Na7 33.Ne3 Ndb5 34.Qd2 c6 35.Nc4
Rd4 36.Rb3 Rad8 37.Qe2 Qf7 38.Qg4 Nc8 39.Qg6+ Qxg6 40.fxg6+ Kg8 41.h5 Kf8 
42.f4 exf4 43.Rf3 Nc7 44.Rxf4 Rxd3 45.Rxd3 Rxd3 46.e5 Nd5 47.Rf2 Rd4 48.
Bb3 Nce7 49.exf6 Nxf6 0-1

[Event "20th EUR-ch"]
[Site "Skopje MKD"]
[Date "2019.03.20"]
[Round "3"]
[White "Sekelja, Marko"]
[Black "Petrovic, Lazar"]
[Result "1-0"]
[WhiteElo "2120"]
[BlackElo "1690"]
[EventDate "2019.03.18"]
[Board "177"]
[PlyCount "59"]

1.e4 c5 2.c3 d6 3.d4 Nf6 4.Bd3 Qc7 5.Ne2 g6 6.O-O Bg7 7.Bg5 O-O 8.h3 a6 9.
a4 b6 10.Nd2 Bb7 11.Qe1 Nc6 12.f4 e6 13.Qh4 Nd7 14.f5 exf5 15.exf5 Rfe8 
16.Nf4 Bh8 17.fxg6 hxg6 18.Nxg6 Bg7 19.Bc4 Re6 20.Bxe6 fxe6 21.Nf4 Nf8 22.
Nh5 cxd4 23.Nxg7 Qxg7 24.Bf6 Qh7 25.Qxh7+ Nxh7 26.Bxd4 Nxd4 27.cxd4 Ng5 
28.Rf4 Kh7 29.Rg4 Rg8 30.Nc4 1-0

[Event "20th EUR-ch"]
[Site "Skopje MKD"]
[Date "2019.03.20"]
[Round "3"]
[White "Taleski, Vaso"]
[Black "Miloi, Pavel-Dan"]
[Result "0-1"]
[WhiteElo "1677"]
[BlackElo "2119"]
[EventDate "2019.03.18"]
[Board "178"]
[PlyCount "68"]

1.e4 c5 2.Nf3 Nc6 3.d4 cxd4 4.Nxd4 Nf6 5.Nc3 d6 6.Bb5 Bd7 7.O-O g6 8.Be3 
Bg7 9.f4 Ng4 10.Nxc6 bxc6 11.Bxc6 Nxe3 12.Bxd7+ Qxd7 13.Qf3 Nxf1 14.e5 O-O
15.Rd1 Nxh2 16.Kxh2 Qf5 17.Nd5 Qh5+ 18.Qxh5 gxh5 19.Nxe7+ Kh8 20.exd6 Bxb2
21.c4 Rfd8 22.c5 Ba3 23.Rd5 Bxc5 24.Rxc5 Rxd6 25.Rxh5 Ra6 26.Rg5 Rxa2 27.
f5 f6 28.Rg4 a5 29.Nd5 Rg8 30.Nxf6 Rxg4 31.Nxg4 a4 32.f6 Kg8 33.Ne5 a3 34.
f7+ Kf8 0-1

[Event "20th EUR-ch"]
[Site "Skopje MKD"]
[Date "2019.03.20"]
[Round "3"]
[White "Aydincelebi, Kagan"]
[Black "Miftari, Hedon"]
[Result "1-0"]
[WhiteElo "2115"]
[BlackElo "1527"]
[EventDate "2019.03.18"]
[Board "179"]
[PlyCount "49"]

1.c4 c5 2.g3 g6 3.Bg2 Bg7 4.Nc3 Nc6 5.Nf3 Nf6 6.d4 cxd4 7.Nxd4 O-O 8.O-O 
Nxd4 9.Qxd4 d6 10.Qd2 Qc7 11.b3 Bd7 12.Bb2 Bc6 13.e4 a5 14.Rac1 a4 15.b4 
a3 16.Ba1 Bd7 17.Ne2 Be6 18.Nf4 Bxc4 19.Bxf6 Bxf6 20.Nd5 Qc6 21.e5 Qb5 22.
exf6 exf6 23.Nc7 Qd7 24.Rxc4 Rac8 25.Nd5 1-0

[Event "20th EUR-ch"]
[Site "Skopje MKD"]
[Date "2019.03.21"]
[Round "4"]
[White "Cheparinov, Ivan"]
[Black "Chigaev, Maxim"]
[Result "1/2-1/2"]
[WhiteElo "2683"]
[BlackElo "2613"]
[EventDate "2019.03.18"]
[Board "1"]
[PlyCount "49"]

1.d4 Nf6 2.c4 g6 3.Nc3 Bg7 4.e4 d6 5.h3 O-O 6.Be3 Na6 7.g4 c6 8.Bg2 e5 9.
Nge2 Nc7 10.f4 exf4 11.Nxf4 Nd7 12.Qd2 b5 13.cxb5 Nxb5 14.Nxb5 cxb5 15.O-O
Bb7 16.Rae1 a5 17.Nd5 Bxd5 18.exd5 Nb6 19.b3 b4 20.Rc1 Nc8 21.Kh1 Na7 22.
Qd3 Rb8 23.Bf4 Nb5 24.Rc6 Qe7 25.Bg3 1/2-1/2

[Event "20th EUR-ch"]
[Site "Skopje MKD"]
[Date "2019.03.21"]
[Round "4"]
[White "Bartel, Mateusz"]
[Black "Alexeenko, Kirill"]
[Result "1/2-1/2"]
[WhiteElo "2600"]
[BlackElo "2644"]
[EventDate "2019.03.18"]
[Board "2"]
[PlyCount "65"]

1.c4 c5 2.Nf3 Nf6 3.Nc3 d5 4.cxd5 Nxd5 5.e3 Nxc3 6.dxc3 Qc7 7.e4 Nc6 8.Be3
e6 9.Nd2 Be7 10.Qg4 O-O 11.Qg3 Qb8 12.Bf4 e5 13.Bh6 Bf6 14.h4 b5 15.Be2 a6
16.Bg5 Qd6 17.O-O-O Qe7 18.Nf1 Be6 19.Ne3 Rfd8 20.Nd5 Bxd5 21.exd5 Na5 22.
Rhe1 Nb7 23.Bd3 Nd6 24.Bxf6 Qxf6 25.Rxe5 a5 26.f4 a4 27.Qg5 a3 28.b3 c4 
29.Bc2 cxb3 30.Bxb3 Rac8 31.Rd3 Rc7 32.Ree3 h6 33.Qxf6 1/2-1/2

[Event "20th EUR-ch"]
[Site "Skopje MKD"]
[Date "2019.03.21"]
[Round "4"]
[White "Piorun, Kacper"]
[Black "Azarov, Sergei"]
[Result "1/2-1/2"]
[WhiteElo "2631"]
[BlackElo "2585"]
[EventDate "2019.03.18"]
[Board "3"]
[PlyCount "81"]

1.e4 e5 2.Nf3 Nc6 3.Bb5 a6 4.Ba4 Nf6 5.O-O Be7 6.Bxc6 dxc6 7.d3 Qd6 8.Nbd2
Be6 9.Ng5 Bg4 10.f3 Bh5 11.Nc4 Qd8 12.Be3 Nd7 13.Nh3 O-O 14.d4 exd4 15.
Bxd4 a5 16.Nf4 Bg6 17.a4 Re8 18.Qd3 Bf8 19.Rfd1 Qe7 20.Qc3 b6 21.Ne3 Nc5 
22.Nd3 Nxd3 23.Rxd3 Qe6 24.Qd2 f5 25.exf5 Bxf5 26.Nxf5 Qxf5 27.Bf2 Bb4 28.
c3 Bd6 29.Rd1 Re6 30.Re3 Rae8 31.Rxe6 Rxe6 32.Re1 h6 33.Rxe6 Qxe6 34.g3 
Qb3 35.Kg2 Qxa4 36.Bxb6 cxb6 37.Qxd6 Qc2+ 38.Kh3 Qf5+ 39.Kg2 Qc2+ 40.Kh3 
Qf5+ 41.Kg2 1/2-1/2

[Event "20th EUR-ch"]
[Site "Skopje MKD"]
[Date "2019.03.21"]
[Round "4"]
[White "Rodshtein, Maxim"]
[Black "Moussard, Jules"]
[Result "1-0"]
[WhiteElo "2673"]
[BlackElo "2601"]
[EventDate "2019.03.18"]
[Board "5"]
[PlyCount "145"]

1.d4 d6 2.e4 Nf6 3.Nc3 e5 4.Nf3 Nbd7 5.Bc4 Be7 6.a4 O-O 7.O-O c6 8.Re1 h6 
9.h3 Re8 10.Be3 Qc7 11.Ba2 Nf8 12.Qd3 Ng6 13.a5 Nh5 14.Ne2 Bf8 15.d5 c5 
16.Qd2 Qd8 17.Bc4 Bd7 18.Kh2 Nh4 19.Nxh4 Qxh4 20.Nc3 Reb8 21.Bb5 Qd8 22.
Qe2 Nf4 23.Qf3 Ng6 24.Bxd7 Qxd7 25.Qg4 Qe8 26.h4 Kh7 27.g3 Be7 28.Reb1 b5 
29.axb6 axb6 30.Rxa8 Rxa8 31.b4 Rb8 32.Qe2 Qc8 33.bxc5 bxc5 34.Ra1 Kg8 35.
Ra7 Qd8 36.Qg4 Kh7 37.Qd7 Qxd7 38.Rxd7 h5 39.Bg5 f6 40.Bc1 Kg8 41.g4 Kf7 
42.gxh5 Ke8 43.Ra7 Nxh4 44.Kg3 f5 45.Rxe7+ Kxe7 46.Kxh4 f4 47.Kg5 Kf7 48.
f3 Rb7 49.Kf5 Rb8 50.Ba3 Rh8 51.Kg4 g6 52.hxg6+ Kxg6 53.Nb5 Rd8 54.c4 Kf6 
55.Nxd6 Rxd6 56.Bxc5 Rd8 57.Bf2 Rg8+ 58.Kh3 Ke7 59.c5 Rg6 60.Be1 Rg1 61.
Bh4+ Kd7 62.Bf6 Rg3+ 63.Kh4 Rxf3 64.Bxe5 Rd3 65.c6+ Kc8 66.d6 f3 67.Kg3 
Kd8 68.Bf6+ Kc8 69.e5 Kb8 70.d7 Kc7 71.d8=Q+ Rxd8 72.Bxd8+ Kxd8 73.e6 1-0

[Event "20th EUR-ch"]
[Site "Skopje MKD"]
[Date "2019.03.21"]
[Round "4"]
[White "Gordievsky, Dmitry"]
[Black "Berkes, Ferenc"]
[Result "0-1"]
[WhiteElo "2603"]
[BlackElo "2666"]
[EventDate "2019.03.18"]
[Board "6"]
[PlyCount "120"]

1.Nf3 Nf6 2.c4 g6 3.Nc3 Bg7 4.e4 d6 5.d4 O-O 6.Be2 e5 7.O-O Nbd7 8.Be3 Qe7
9.Qc2 c6 10.d5 Ne8 11.dxc6 bxc6 12.b4 Nc7 13.Rad1 Ne6 14.Qd2 c5 15.a3 Nd4 
16.Nd5 Qd8 17.Nxd4 cxd4 18.Bg5 f6 19.Bh4 g5 20.Bg3 Nb6 21.Bd3 f5 22.exf5 
Bxf5 23.Bxf5 Rxf5 24.Qd3 Rf7 25.f3 Rc8 26.Rc1 Qd7 27.h3 Qe6 28.Rfe1 Qg6 
29.Qb3 Nxd5 30.cxd5 Rxc1 31.Rxc1 h5 32.Qb1 Qxb1 33.Rxb1 g4 34.hxg4 hxg4 
35.Rb3 Bh6 36.Be1 Be3+ 37.Bf2 Bxf2+ 38.Kxf2 e4 39.Ke2 d3+ 40.Ke3 exf3 41.
Rb2 Kg7 42.Rf2 Kf6 43.gxf3 g3 44.Rg2 Rg7 45.Kxd3 Kf5 46.Ke2 Kf4 47.Kf1 Rc7
48.Rb2 Kxf3 49.Rb1 Rc3 50.a4 Ra3 51.a5 Kg4 52.Kg1 Kh3 53.Kh1 Ra2 54.Kg1 a6
55.Kh1 Rd2 56.b5 axb5 57.Ra1 b4 58.a6 Rh2+ 59.Kg1 g2 60.Kf2 Rh1 0-1

[Event "20th EUR-ch"]
[Site "Skopje MKD"]
[Date "2019.03.21"]
[Round "4"]
[White "Melkumian, Hrant"]
[Black "Antipov, Mikhail"]
[Result "1/2-1/2"]
[WhiteElo "2661"]
[BlackElo "2594"]
[EventDate "2019.03.18"]
[Board "7"]
[PlyCount "49"]

1.Nf3 d5 2.d4 Nf6 3.c4 c6 4.Nc3 a6 5.e3 Bf5 6.Qb3 Ra7 7.Nh4 Bc8 8.a4 e6 9.
a5 c5 10.Nf3 Nc6 11.Qb6 Bd6 12.Ne5 Qe7 13.Nxc6 bxc6 14.Qxc6+ Bd7 15.Qb6 
Ra8 16.dxc5 Bxc5 17.Qb3 O-O 18.Be2 Rfb8 19.Qc2 dxc4 20.O-O Bb4 21.e4 Bc6 
22.Bg5 h6 23.Bxf6 Qxf6 24.Bxc4 Qe5 25.Bd3 1/2-1/2

[Event "20th EUR-ch"]
[Site "Skopje MKD"]
[Date "2019.03.21"]
[Round "4"]
[White "Fressinet, Laurent"]
[Black "Ter-Sahakian, Samvel"]
[Result "1/2-1/2"]
[WhiteElo "2652"]
[BlackElo "2590"]
[EventDate "2019.03.18"]
[Board "9"]
[PlyCount "47"]

1.e4 c5 2.Nf3 d6 3.d4 cxd4 4.Nxd4 Nf6 5.Nc3 a6 6.Be3 e5 7.Nb3 Be6 8.f3 h5 
9.Qd2 Nbd7 10.Nd5 Bxd5 11.exd5 g6 12.Be2 Bg7 13.O-O b6 14.c4 O-O 15.Kh1 
Nc5 16.Nxc5 bxc5 17.b4 cxb4 18.Qxb4 h4 19.Rab1 Nh5 20.Qd2 f5 21.Rfe1 Rf7 
22.Bf1 Kh7 23.Kg1 Rc8 24.Rb4 1/2-1/2

[Event "20th EUR-ch"]
[Site "Skopje MKD"]
[Date "2019.03.21"]
[Round "4"]
[White "Can, Emre"]
[Black "Moiseenko, Olexandr"]
[Result "1/2-1/2"]
[WhiteElo "2586"]
[BlackElo "2648"]
[EventDate "2019.03.18"]
[Board "10"]
[PlyCount "38"]

1.d4 Nf6 2.c4 e6 3.Nf3 d5 4.g3 Bb4+ 5.Bd2 Bd6 6.Nc3 O-O 7.Bg2 Nbd7 8.c5 
Be7 9.O-O Ne4 10.b4 f5 11.Qb3 Bf6 12.Be3 c6 13.Rad1 Kh8 14.Na4 b6 15.Qc2 
a5 16.Ne5 Nxe5 17.dxe5 Bxe5 18.Nxb6 Ra7 19.bxa5 Ba6 1/2-1/2

[Event "20th EUR-ch"]
[Site "Skopje MKD"]
[Date "2019.03.21"]
[Round "4"]
[White "Kuzubov, Yuriy"]
[Black "Alexandrov, Alexei"]
[Result "0-1"]
[WhiteElo "2644"]
[BlackElo "2574"]
[EventDate "2019.03.18"]
[Board "11"]
[PlyCount "80"]

1.Nf3 Nf6 2.g3 b5 3.e3 a6 4.Bg2 Bb7 5.O-O g6 6.b3 Bg7 7.Bb2 c5 8.c4 O-O 9.
Nc3 bxc4 10.bxc4 Nc6 11.Rb1 Rb8 12.Ba1 e6 13.Na4 d6 14.d4 cxd4 15.exd4 Ne7
16.Re1 Qc7 17.d5 exd5 18.c5 Nc6 19.Nb6 dxc5 20.Bxf6 Bxf6 21.Nxd5 Qd8 22.
Nxf6+ Qxf6 23.Rb6 Bc8 24.Rxb8 Nxb8 25.Ne5 Re8 26.Nd3 Rd8 27.Qe2 Qd6 28.Qe3
c4 29.Nf4 Nd7 30.Qc3 Nb6 31.a4 Nxa4 32.Qxc4 Bd7 33.Nd5 Nb6 34.Qh4 Bb5 35.
Nf6+ Kg7 36.Ng4 h5 37.Ne3 Qf6 38.Qb4 Rd4 39.Qc5 Rd2 40.Nc2 Nd7 0-1

[Event "20th EUR-ch"]
[Site "Skopje MKD"]
[Date "2019.03.21"]
[Round "4"]
[White "Zviagintsev, Vadim"]
[Black "Djukic, Nikola"]
[Result "1-0"]
[WhiteElo "2642"]
[BlackElo "2572"]
[EventDate "2019.03.18"]
[Board "12"]
[PlyCount "107"]

1.Nf3 c5 2.b3 d6 3.e3 e5 4.Nc3 Nf6 5.Bb5+ Bd7 6.Bxd7+ Qxd7 7.O-O Be7 8.d4 
cxd4 9.exd4 e4 10.Nd2 d5 11.f3 Bb4 12.Bb2 Qc6 13.Ne2 O-O 14.c3 Bd6 15.fxe4
Bxh2+ 16.Kxh2 Ng4+ 17.Kg1 Qh6 18.Rf3 Qh2+ 19.Kf1 Qh1+ 20.Ng1 Nh2+ 21.Ke2 
Qxg2+ 22.Rf2 Qg4+ 23.Kd3 Qg3+ 24.Rf3 Nxf3 25.Qxf3 Qg6 26.Nh3 Nd7 27.Rg1 
dxe4+ 28.Nxe4 Qa6+ 29.Kc2 f5 30.Ng3 Qc6 31.Qf4 Rae8 32.c4 Nf6 33.Kb1 Ng4 
34.d5 Qg6 35.Ng5 h6 36.Ne6 Rxe6 37.dxe6 Qxe6 38.a4 Qb6 39.Qd4 Qxd4 40.Bxd4
g6 41.Bxa7 h5 42.Nh1 Re8 43.Nf2 Kg7 44.a5 g5 45.b4 Kg6 46.b5 h4 47.Nxg4 
fxg4 48.Rxg4 h3 49.Rg1 Re4 50.Kb2 g4 51.Bb8 Re8 52.Bc7 Kg5 53.a6 bxa6 54.
b6 1-0

[Event "20th EUR-ch"]
[Site "Skopje MKD"]
[Date "2019.03.21"]
[Round "4"]
[White "Hracek, Zbynek"]
[Black "Alexeev, Evgeny"]
[Result "1/2-1/2"]
[WhiteElo "2578"]
[BlackElo "2640"]
[EventDate "2019.03.18"]
[Board "13"]
[PlyCount "29"]

1.e4 c5 2.Nf3 e6 3.d4 cxd4 4.Nxd4 Nc6 5.Nc3 a6 6.Nxc6 bxc6 7.Bd3 d5 8.O-O 
Nf6 9.Qf3 Be7 10.Qg3 O-O 11.Bh6 Ne8 12.Bf4 Nf6 13.Bh6 Ne8 14.Bf4 Nf6 15.
Bh6 1/2-1/2

[Event "20th EUR-ch"]
[Site "Skopje MKD"]
[Date "2019.03.21"]
[Round "4"]
[White "Yilmaz, Mustafa"]
[Black "Buhmann, Rainer"]
[Result "1/2-1/2"]
[WhiteElo "2636"]
[BlackElo "2568"]
[EventDate "2019.03.18"]
[Board "14"]
[PlyCount "29"]

1.d4 Nf6 2.c4 e6 3.Nf3 Bb4+ 4.Bd2 Be7 5.Nc3 O-O 6.e4 d5 7.e5 Ne4 8.Bd3 
Nxd2 9.Qxd2 dxc4 10.Bxc4 c5 11.O-O cxd4 12.Ne4 Nc6 13.Rac1 Bd7 14.Qf4 Kh8 
15.Neg5 1/2-1/2

[Event "20th EUR-ch"]
[Site "Skopje MKD"]
[Date "2019.03.21"]
[Round "4"]
[White "Rozum, Ivan"]
[Black "Lysyi, Igor"]
[Result "1/2-1/2"]
[WhiteElo "2573"]
[BlackElo "2635"]
[EventDate "2019.03.18"]
[Board "15"]
[PlyCount "46"]

1.g3 d5 2.Nf3 Nf6 3.Bg2 e6 4.O-O Be7 5.c4 O-O 6.b3 b6 7.Bb2 Bb7 8.cxd5 
Nxd5 9.d4 Nd7 10.Re1 c5 11.e4 N5f6 12.Nc3 cxd4 13.Nxd4 Bc5 14.Re2 Ne5 15.
Na4 Bxd4 16.Bxd4 Nc6 17.Bb2 Qe7 18.Qe1 Rfd8 19.Rd1 Rxd1 20.Qxd1 Rd8 21.Rd2
Rxd2 22.Qxd2 e5 23.f3 Ba6 1/2-1/2

[Event "20th EUR-ch"]
[Site "Skopje MKD"]
[Date "2019.03.21"]
[Round "4"]
[White "Alonso Rosell, Alvar"]
[Black "Gledura, Benjamin"]
[Result "0-1"]
[WhiteElo "2559"]
[BlackElo "2630"]
[EventDate "2019.03.18"]
[Board "16"]
[PlyCount "74"]

1.d4 d5 2.c4 c6 3.Nf3 Nf6 4.e3 Bf5 5.Nc3 e6 6.Be2 h6 7.Bd3 Bxd3 8.Qxd3 
Nbd7 9.O-O Bb4 10.Bd2 a5 11.a3 Be7 12.Rad1 Qb6 13.Bc1 Qa6 14.b3 O-O 15.e4 
dxe4 16.Nxe4 a4 17.Nxf6+ Bxf6 18.b4 Rfd8 19.Rfe1 Nb6 20.b5 cxb5 21.cxb5 
Qa5 22.Bd2 Qa7 23.g4 Nd7 24.Be3 Nf8 25.d5 Qa5 26.d6 Rac8 27.Bd2 Bc3 28.Rc1
Bxd2 29.Nxd2 Nd7 30.Ne4 Ne5 31.Qe2 Nc4 32.g5 hxg5 33.d7 Rxd7 34.Nxg5 Qxb5 
35.Qh5 Qf5 36.Re4 Rc5 37.Rg4 Ne3 0-1

[Event "20th EUR-ch"]
[Site "Skopje MKD"]
[Date "2019.03.21"]
[Round "4"]
[White "Rakhmanov, Alexander"]
[Black "Martinovic, Sasa"]
[Result "1/2-1/2"]
[WhiteElo "2629"]
[BlackElo "2558"]
[EventDate "2019.03.18"]
[Board "17"]
[PlyCount "30"]

1.Nf3 d5 2.g3 c6 3.Bg2 Bf5 4.d4 Nf6 5.c4 e6 6.Nc3 h6 7.Qb3 Qb6 8.c5 Qxb3 
9.axb3 Be7 10.b4 O-O 11.Bf4 g5 12.Bd2 Nbd7 13.O-O Ne4 14.Nxe4 Bxe4 15.Bc3 
a6 1/2-1/2

[Event "20th EUR-ch"]
[Site "Skopje MKD"]
[Date "2019.03.21"]
[Round "4"]
[White "Lomasov, Semyon"]
[Black "Kobalia, Mikhail"]
[Result "1-0"]
[WhiteElo "2559"]
[BlackElo "2627"]
[EventDate "2019.03.18"]
[Board "18"]
[PlyCount "59"]

1.Nf3 d5 2.g3 Bg4 3.Bg2 Nd7 4.O-O c6 5.h3 Bh5 6.d4 e6 7.c4 Bd6 8.Qb3 Qb8 
9.cxd5 exd5 10.Nh4 Ne7 11.Nc3 Bg6 12.Nxg6 hxg6 13.e4 dxe4 14.Nxe4 Nb6 15.
Re1 O-O 16.Bd2 Re8 17.Ng5 Ned5 18.Ba5 Rxe1+ 19.Rxe1 Qd8 20.h4 Bc7 21.Bxb6 
axb6 22.Bxd5 cxd5 23.Qf3 f6 24.Ne6 Qd7 25.Nxc7 Qxc7 26.Qxd5+ Kh7 27.h5 Qc6
28.Qf7 gxh5 29.Qxh5+ Kg8 30.Re7 1-0

[Event "20th EUR-ch"]
[Site "Skopje MKD"]
[Date "2019.03.21"]
[Round "4"]
[White "Arutinian, David"]
[Black "Paravian, David"]
[Result "1/2-1/2"]
[WhiteElo "2555"]
[BlackElo "2627"]
[EventDate "2019.03.18"]
[Board "19"]
[PlyCount "49"]

1.Nf3 d5 2.e3 Nf6 3.c4 e6 4.b3 Nbd7 5.Bb2 Bd6 6.Nc3 O-O 7.d4 b6 8.Bd3 Bb7 
9.O-O dxc4 10.bxc4 e5 11.Ng5 exd4 12.exd4 h6 13.Nf3 Re8 14.Nh4 g6 15.g3 
Bf8 16.Qc2 Bg7 17.Rad1 Nf8 18.d5 Rc8 19.Rd2 Qd7 20.Rfd1 c6 21.Qb3 cxd5 22.
cxd5 Bxd5 23.Nxd5 Qxd5 24.Qxd5 Nxd5 25.Bb5 1/2-1/2

[Event "20th EUR-ch"]
[Site "Skopje MKD"]
[Date "2019.03.21"]
[Round "4"]
[White "Kadric, Denis"]
[Black "Smirin, Ilia"]
[Result "1/2-1/2"]
[WhiteElo "2547"]
[BlackElo "2618"]
[EventDate "2019.03.18"]
[Board "20"]
[PlyCount "69"]

1.e4 c5 2.Nc3 e6 3.Nf3 a6 4.d4 cxd4 5.Nxd4 Qc7 6.Bd3 Nf6 7.O-O Bc5 8.Nb3 
Ba7 9.Bg5 Nc6 10.Kh1 h5 11.Bh4 Ng4 12.Bg3 d6 13.Be2 Nce5 14.Bxe5 dxe5 15.
Bxg4 hxg4 16.Qxg4 f6 17.Rad1 Kf7 18.Rd3 Bd7 19.Rfd1 Rad8 20.R1d2 Bc6 21.
Rg3 g5 22.Rh3 b5 23.a3 Bb6 24.Kg1 Qe7 25.Rh5 a5 26.h4 gxh4 27.Qxh4 Rxh5 
28.Qxh5+ Kg7 29.Qg4+ Kf7 30.Qh5+ Kg7 31.Rxd8 Qxd8 32.Qg4+ Kf7 33.Qh5+ Kg7 
34.Qg4+ Kf7 35.Qh5+ 1/2-1/2

[Event "20th EUR-ch"]
[Site "Skopje MKD"]
[Date "2019.03.21"]
[Round "4"]
[White "Sychev, Klementy"]
[Black "Vocaturo, Daniele"]
[Result "1/2-1/2"]
[WhiteElo "2545"]
[BlackElo "2616"]
[EventDate "2019.03.18"]
[Board "21"]
[PlyCount "28"]

1.e4 e5 2.Nf3 Nc6 3.Bb5 a6 4.Ba4 Nf6 5.O-O b5 6.Bb3 Bb7 7.d3 Bc5 8.Nc3 O-O
9.Nd5 Na5 10.Nxf6+ Qxf6 11.Bg5 Qd6 12.Nh4 Nxb3 13.axb3 Qe6 14.Be3 Bxe3 
1/2-1/2

[Event "20th EUR-ch"]
[Site "Skopje MKD"]
[Date "2019.03.21"]
[Round "4"]
[White "Zhigalko, Andrei"]
[Black "Erdos, Viktor"]
[Result "0-1"]
[WhiteElo "2541"]
[BlackElo "2612"]
[EventDate "2019.03.18"]
[Board "22"]
[PlyCount "100"]

1.e4 e5 2.Nf3 Nc6 3.Bb5 a6 4.Ba4 Nf6 5.O-O Be7 6.Re1 b5 7.Bb3 d6 8.c3 O-O 
9.h3 Re8 10.d4 Bb7 11.Nbd2 Bf8 12.a4 exd4 13.cxd4 Qd7 14.axb5 axb5 15.Rxa8
Bxa8 16.Ng5 Nd8 17.e5 Nd5 18.Ndf3 h6 19.Ne4 Nb4 20.Qd2 Bd5 21.Qxb4 Bxe4 
22.Rxe4 d5 23.Qe1 dxe4 24.Qxe4 c5 25.Bc2 g6 26.d5 f5 27.Qd3 c4 28.Qd4 Bg7 
29.g4 Nf7 30.e6 Qe7 31.exf7+ Qxf7 32.Qd1 Rd8 33.d6 fxg4 34.hxg4 Qe6 35.Bf4
Bxb2 36.g5 h5 37.Kg2 Ba3 38.Bg3 Bxd6 39.Nh4 Bc7 40.Qf3 Bxg3 41.Nxg6 Bxf2 
42.Kxf2 Re8 43.Qd1 b4 44.Qd2 b3 45.Nf4 Rf8 46.Bd1 Qf5 47.Kf3 Qg4+ 48.Ke4 
Re8+ 49.Kd4 Rd8+ 50.Kxc4 Qc8+ 0-1

[Event "20th EUR-ch"]
[Site "Skopje MKD"]
[Date "2019.03.21"]
[Round "4"]
[White "Romanov, Evgeny"]
[Black "Baron, Tal"]
[Result "0-1"]
[WhiteElo "2612"]
[BlackElo "2506"]
[EventDate "2019.03.18"]
[Board "23"]
[PlyCount "80"]

1.Nf3 d5 2.c4 d4 3.b4 Bg4 4.Qb3 Bxf3 5.Qxf3 c6 6.g3 e5 7.Qb3 a5 8.b5 a4 9.
Qc2 Bc5 10.Bg2 Ne7 11.O-O O-O 12.d3 Nd7 13.Nd2 f5 14.Rb1 Nf6 15.Nf3 Qd6 
16.bxc6 bxc6 17.Rb7 Ng6 18.Bh3 Ne7 19.e3 dxe3 20.Bxe3 Bxe3 21.fxe3 Nd7 22.
d4 Rad8 23.dxe5 Nxe5 24.Nd4 Qa3 25.Qe2 g6 26.c5 Nd5 27.Re1 Nc3 28.Qf1 Qxa2
29.Qf4 Nd3 30.Qf1 Nxe1 31.Qxe1 Ne4 32.Nxc6 Rd2 33.Bf1 Rf7 34.Nb4 Qb3 35.
Rb8+ Rf8 36.Rb7 a3 37.c6 a2 38.c7 a1=Q 39.Bc4+ Qxc4 40.Qxa1 Nc3 0-1

[Event "20th EUR-ch"]
[Site "Skopje MKD"]
[Date "2019.03.21"]
[Round "4"]
[White "Pantsulaia, Levan"]
[Black "Quparadze, Giga"]
[Result "1-0"]
[WhiteElo "2611"]
[BlackElo "2501"]
[EventDate "2019.03.18"]
[Board "24"]
[PlyCount "77"]

1.c4 Nf6 2.Nc3 c5 3.g3 d5 4.cxd5 Nxd5 5.Bg2 Nc7 6.Qb3 Nc6 7.Bxc6+ bxc6 8.
Nf3 Ne6 9.Qa4 Nd4 10.Ne5 Qc7 11.Nc4 Bd7 12.d3 e5 13.f4 Be7 14.Nxe5 O-O 15.
Be3 Be6 16.Bxd4 cxd4 17.Qxd4 Rab8 18.Rb1 Bb4 19.O-O c5 20.Qe4 Bxc3 21.bxc3
Rxb1 22.Rxb1 Qa5 23.c4 Qxa2 24.Rb7 Bh3 25.Kf2 Qa1 26.g4 Qf1+ 27.Kg3 h5 28.
Qf3 f6 29.Ng6 Rd8 30.Qxf1 Bxf1 31.Kf2 Bh3 32.Rxa7 Bxg4 33.Rc7 Ra8 34.f5 
Kh7 35.e4 Ra2+ 36.Kg3 Rd2 37.Nf4 Be2 38.Rxc5 h4+ 39.Kxh4 1-0

[Event "20th EUR-ch"]
[Site "Skopje MKD"]
[Date "2019.03.21"]
[Round "4"]
[White "Arizmendi Martinez, Julen Luis"]
[Black "Predke, Alexander"]
[Result "1/2-1/2"]
[WhiteElo "2506"]
[BlackElo "2611"]
[EventDate "2019.03.18"]
[Board "25"]
[PlyCount "87"]

1.e4 e5 2.Nf3 Nc6 3.Bb5 Nf6 4.O-O Nxe4 5.Re1 Nd6 6.Nxe5 Be7 7.Bf1 Nxe5 8.
Rxe5 O-O 9.d4 Ne8 10.d5 Bc5 11.Be3 d6 12.Bxc5 dxc5 13.Nc3 Qf6 14.Qe2 Nd6 
15.Re1 Bd7 16.Qe3 Qxe5 17.Qxe5 Rae8 18.f4 f6 19.Qxe8 Rxe8 20.Rxe8+ Bxe8 
21.g4 h5 22.h3 hxg4 23.hxg4 Bg6 24.f5 Bh7 25.Kf2 g6 26.fxg6 Bxg6 27.Bd3 
Bxd3 28.cxd3 Kf7 29.Ke3 c4 30.dxc4 Nxc4+ 31.Kf4 Nxb2 32.Nb5 Nd3+ 33.Kf5 
Nb4 34.Nxc7 Nxa2 35.Nb5 Nb4 36.Ke4 a5 37.Nd6+ Kg6 38.Nxb7 a4 39.d6 a3 40.
d7 Nc6 41.Kd5 a2 42.Kxc6 a1=Q 43.d8=Q Qa6+ 44.Kc7 1/2-1/2